Two centuries of surveyors (Record no. 91373)

MARC details
000 -LEADER
fixed length control field 01000cam a2200229 4500
001 - CONTROL NUMBER
control field J1485
008 - FIXED-LENGTH DATA ELEMENTS--GENERAL INFORMATION
fixed length control field 970304s1992 xxk g r 0deng
035 ## - SYSTEM CONTROL NUMBER
System control number (Sirsi) u43672
041 0# - LANGUAGE CODE
Language code of text/sound track or separate title eng
050 04 - LIBRARY OF CONGRESS CALL NUMBER
Classification number 920 $2 18
110 2# - MAIN ENTRY--CORPORATE NAME
Corporate name or jurisdiction name as entry element Surveyors' Club
9 (RLIN) 20
245 00 - TITLE STATEMENT
Title Two centuries of surveyors
Remainder of title a list of the members of the Surveyors' Club 1792-1992 with some historical notes
260 ## - PUBLICATION, DISTRIBUTION, ETC.
Place of publication, distribution, etc. [Great Britain]
Name of publisher, distributor, etc. Printed for private circulation
Date of publication, distribution, etc. [1992]
300 ## - PHYSICAL DESCRIPTION
Extent 60p.
Dimensions 19cm.
350 ## - PRICE (NR) (BK AM CF MU VM SE) [OBSOLETE]
Price 0
520 ## - SUMMARY, ETC.
Summary, etc. Includes lists of members of the Surveyors' Club from 1792-1892, 1892-1992 and 1992 onwards. Reproduces a preface to a previous edition of the list by John Wornham Penfold dated 30 March 1892 and the rules and regulations of the Club as at 1892 and 1992.
520 ## - SUMMARY, ETC.
Summary, etc. Copy presented to the President of RICS by David Martin, President of the Surveyors' Club.
651 #4 - SUBJECT ADDED ENTRY--GEOGRAPHIC NAME
Geographic name United Kingdom
Chronological subdivision
690 ## - LOCAL SUBJECT ADDED ENTRY--TOPICAL TERM (OCLC, RLIN)
Topical term or geographic name as entry element ABOUT RICS-RICS MEMBERS-CHARTERED SURVEYORS
942 ## - ADDED ENTRY ELEMENTS (KOHA)
Suppress in OPAC 0
948 ## - LOCAL PROCESSING INFORMATION (OCLC); SERIES PART DESIGNATOR (RLIN)
c (OCLC) 04/03/1997
Holdings
Withdrawn status Lost status Source of classification or shelving scheme Damaged status Not for loan Home library Current library Shelving location Date acquired Total Checkouts Full call number Barcode Date last seen Date last checked out Copy number Price effective from Koha item type
    Dewey Decimal Classification     London London Reference copy 04/05/1993 1 920 SUR 30038561 06/08/2019 17/10/2007 1 06/08/2019 Book